Giáo trình lễ tân trong giao tiếp đối ngoại : (Dùng trong các trường THCN)
Khái quát chung về Lễ tân ngoại giao. Quan hệ với các đối tác và khách hàng trong giao tiếp đối ngoại . Tổ chức tiệc chiêu đãi trong giao tiếp đối ngoại
שמור ב:
| מחבר ראשי: | |
|---|---|
| פורמט: | ספר |
| שפה: | Undetermined |
| יצא לאור: |
Hà Nội
Nhà xuất bản Hà Nội
2006
|
| נושאים: | |
| תגים: |
הוספת תג
אין תגיות, היה/י הראשונ/ה לתייג את הרשומה!
|
| Thư viện lưu trữ: | Trung tâm Học liệu Trường Đại học Cần Thơ |
|---|
| LEADER | 00876nam a2200217Ia 4500 | ||
|---|---|---|---|
| 001 | CTU_118601 | ||
| 008 | 210402s9999 xx 000 0 und d | ||
| 020 | |c 9500 | ||
| 082 | |a 327.2 | ||
| 082 | |b C506 | ||
| 100 | |a Phạm, Thị Thu Cúc | ||
| 245 | 0 | |a Giáo trình lễ tân trong giao tiếp đối ngoại : | |
| 245 | 0 | |b (Dùng trong các trường THCN) | |
| 245 | 0 | |c Phạm Thị Thu Cúc | |
| 260 | |a Hà Nội | ||
| 260 | |b Nhà xuất bản Hà Nội | ||
| 260 | |c 2006 | ||
| 520 | |a Khái quát chung về Lễ tân ngoại giao. Quan hệ với các đối tác và khách hàng trong giao tiếp đối ngoại . Tổ chức tiệc chiêu đãi trong giao tiếp đối ngoại | ||
| 650 | |a Diplomatic relations | ||
| 904 | |i Hiếu | ||
| 980 | |a Trung tâm Học liệu Trường Đại học Cần Thơ | ||